000
00233nam a2200097Ia 4500
008
240331s9999 xx 000 0 und d
082
_a
302.23
_b
COM
100
_a
Mattelart,A. ed
245
0
_a
Communication and class struggle
942
_c
L
999
_c
1106
_d
1106